[Event "NRW Class1 1819"]
[Site "Germany"]
[Date "2019.04.14"]
[Round "8.8"]
[White "Keller, Dirk"]
[Black "Boehm, Juergen1111"]
[Result "0-1"]
[WhiteElo "1892"]
[BlackElo "2112"]
[PlyCount "64"]
[EventDate "2018.09.16"]
[EventType "team-tourn"]
[EventRounds "9"]
[EventCountry "GER"]
[SourceTitle "EXT 2022"]
[Source "ChessBase"]
[SourceDate "2021.10.06"]
[SourceVersion "1"]
[SourceVersionDate "2021.10.06"]
[SourceQuality "1"]
[WhiteTeam "Nienberge"]
[BlackTeam "Brackel SF"]
[WhiteTeamCountry "GER"]
[BlackTeamCountry "GER"]

1. c4 c6 2. d4 d5 3. Nf3 e6 4. e3 Nf6 5. b3 Nbd7 6. Bb2 Ne4 7. Bd3 f5 8. 0-0 Bd6 9. Ne5 Nxe5 10. dxe5 Be7 11. f3 Ng5 12. Qe2 0-0 13. Nd2 Bd7 14. Kh1 Be8 15. Rad1 Bg6 16. f4 Ne4 17. Nf3 Bh5 18. Qe1 a5 19. a3 Qb6 20. Nd4 Bxd1 21. Qxd1 c5 22. Nb5 Rad8 23. Qc2 dxc4 24. bxc4 Qc6 25. Na7 Qd7 26. Rd1 Qxd3 27. Rxd3 Rxd3 28. g3 Rd1+ 29. Qxd1 Nf2+ 30. Kg1 Nxd1 31. Bc1 Nc3 32. Bb2 Na4 0-1

[Event "Muensterland Regionalliga 1718"]
[Site "Germany"]
[Date "2018.04.21"]
[Round "8.7"]
[White "Ollech, Dirk"]
[Black "Keller, Dirk"]
[Result "1/2-1/2"]
[WhiteElo "1905"]
[BlackElo "1899"]
[PlyCount "55"]
[EventDate "2017.09.02"]
[EventType "team-tourn"]
[EventRounds "9"]
[EventCountry "GER"]
[SourceTitle "EXT 2019"]
[Source "ChessBase"]
[SourceDate "2018.10.10"]
[SourceVersion "1"]
[SourceVersionDate "2018.10.10"]
[SourceQuality "1"]
[WhiteTeam "Muenster SK III"]
[BlackTeam "Nienberge"]
[WhiteTeamCountry "GER"]
[BlackTeamCountry "GER"]

1. c4 c6 2. Nf3 d5 3. g3 Nf6 4. Bg2 Bg4 5. 0-0 Nbd7 6. d4 e6 7. b3 Bd6 8. Bb2 Qc7 9. Nbd2 0-0 10. Qc2 Bf5 11. Qc3 Ne4 12. Nxe4 Bxe4 13. Rac1 Rfe8 14. Ne5 Bxg2 15. Kxg2 Nf6 16. f3 Qe7 17. Qd3 Ba3 18. Bxa3 Qxa3 19. Rc2 Rad8 20. c5 Nd7 21. Nxd7 Rxd7 22. f4 Qa5 23. g4 Qd8 24. Qg3 Qf6 25. e3 Qg6 26. Rd2 Qe4+ 27. Qf3 Qxf3+ 28. Kxf3 1/2-1/2

[Event "Muensterland Regionalliga 1718"]
[Site "Germany"]
[Date "2017.09.30"]
[Round "2.6"]
[White "Keller, Dirk"]
[Black "Wuestnienhaus, Andreas"]
[Result "1/2-1/2"]
[WhiteElo "1899"]
[BlackElo "1849"]
[PlyCount "31"]
[EventDate "2017.09.02"]
[EventType "team-tourn"]
[EventRounds "9"]
[EventCountry "GER"]
[SourceTitle "EXT 2019"]
[Source "ChessBase"]
[SourceDate "2018.10.10"]
[SourceVersion "1"]
[SourceVersionDate "2018.10.10"]
[SourceQuality "1"]
[WhiteTeam "Nienberge"]
[BlackTeam "Bocholt"]
[WhiteTeamCountry "GER"]
[BlackTeamCountry "GER"]

1. d4 d5 2. Nf3 Nf6 3. c4 c6 4. e3 g6 5. b3 Bg7 6. Bb2 0-0 7. Bd3 Bf5 8. 0-0 Ne4 9. Ne1 Nd7 10. g4 Be6 11. f3 Nec5 12. Bc2 dxc4 13. Bc3 cxb3 14. axb3 Na6 15. Ng2 Nb6 16. Nf4 1/2-1/2

[Event "Muensterland Regionalliga 1617"]
[Site "Germany"]
[Date "2017.01.14"]
[Round "5.8"]
[White "Wuestnienhaus, Andreas"]
[Black "Keller, Dirk"]
[Result "1/2-1/2"]
[WhiteElo "1888"]
[BlackElo "1893"]
[PlyCount "38"]
[EventDate "2016.09.17"]
[EventType "team"]
[EventRounds "9"]
[EventCountry "GER"]
[SourceTitle "EXT 2018"]
[Source "ChessBase"]
[SourceDate "2017.10.13"]
[SourceVersion "1"]
[SourceVersionDate "2017.10.13"]
[SourceQuality "1"]
[WhiteTeam "Bocholt"]
[BlackTeam "Nienberge"]
[WhiteTeamCountry "GER"]
[BlackTeamCountry "GER"]

1. d4 Nf6 2. c4 e6 3. Nc3 Bb4 4. e3 c5 5. Nge2 cxd4 6. exd4 d5 7. c5 Ne4 8. Bd2 Nxd2 9. Qxd2 a5 10. a3 Bxc3 11. Nxc3 a4 12. Bb5+ Bd7 13. Be2 b6 14. cxb6 Qxb6 15. 0-0 Nc6 16. Rfd1 Na5 17. Rab1 Nb3 18. Qf4 0-0 19. Rd3 Qb8 1/2-1/2

[Event "Muensterland Regionalliga 1415"]
[Site "Germany"]
[Date "2015.02.21"]
[Round "6.8"]
[White "Cvetkovic, Reinhard"]
[Black "Keller, Dirk"]
[Result "1-0"]
[WhiteElo "1690"]
[BlackElo "1934"]
[PlyCount "83"]
[EventDate "2014.09.20"]
[EventType "team-tourn"]
[EventRounds "9"]
[EventCountry "GER"]
[SourceTitle "EXT 2016"]
[Source "ChessBase"]
[SourceDate "2015.10.08"]
[SourceVersion "1"]
[SourceVersionDate "2015.10.08"]
[SourceQuality "1"]
[WhiteTeam "Raesfeld Erle"]
[BlackTeam "Nienberge"]
[WhiteTeamCountry "GER"]
[BlackTeamCountry "GER"]

1. e4 c5 2. Nf3 Nc6 3. Nc3 Nf6 4. d3 d6 5. Be2 g6 6. 0-0 Bg7 7. Nh4 0-0 8. f4 Nd4 9. f5 b5 10. g4 Bb7 11. Ng2 Qa5 12. h3 b4 13. Nb1 d5 14. g5 Nxe2+ 15. Qxe2 Nh5 16. Qf3 c4 17. Nf4 dxe4 18. dxe4 Nxf4 19. Qxf4 gxf5 20. Nd2 Bd4+ 21. Kg2 Qb5 22. c3 bxc3 23. bxc3 Bxc3 24. Rb1 Qd7 25. Rxb7 Qxb7 26. Qxf5 Qc6 27. Nf3 Rad8 28. Ba3 Rd7 29. Rc1 Bg7 30. h4 Qe6 31. Qf4 f5 32. e5 Rc8 33. Re1 c3 34. Nd4 Qd5+ 35. Nf3 e6 36. Bd6 Rc4 37. Qe3 Re4 38. Qxc3 Rxe1 39. Qc8+ Rd8 40. Qxd8+ Kf7 41. Qe7+ Kg6 42. Qe8# 1-0

[Event "Muensterland Regionalliga 1314"]
[Site "Germany"]
[Date "2014.01.18"]
[Round "5.7"]
[White "Keller, Dirk"]
[Black "Bruemmer, Andreas"]
[Result "0-1"]
[WhiteElo "1954"]
[BlackElo "1894"]
[PlyCount "132"]
[EventDate "2013.09.07"]
[EventType "team-tourn"]
[EventRounds "9"]
[EventCountry "GER"]
[SourceTitle "EXT 2015"]
[Source "ChessBase"]
[SourceDate "2014.11.20"]
[SourceVersion "1"]
[SourceVersionDate "2014.11.20"]
[SourceQuality "1"]
[WhiteTeam "Nienberge"]
[BlackTeam "Rheine Klein Berlin"]
[WhiteTeamCountry "GER"]
[BlackTeamCountry "GER"]

1. d4 f5 2. c4 Nf6 3. Nf3 e6 4. Nc3 Be7 5. g3 0-0 6. Bg2 Ne4 7. Nxe4 fxe4 8. Nd2 d5 9. b3 c5 10. dxc5 Bxc5 11. Nxe4 dxe4 12. Qxd8 Rxd8 13. Bxe4 Bb4+ 14. Kf1 Nd7 15. Bb2 Nf6 16. Bf3 Bd6 17. Rd1 e5 18. c5 Bh3+ 19. Bg2 Bxg2+ 20. Kxg2 Bc7 21. f3 Kf7 22. e4 Ke6 23. Bc3 Nd7 24. Rd5 Nf6 25. Rdd1 Rd7 26. b4 Rad8 27. Rc1 Rd3 28. Kf2 b6 29. Ke2 bxc5 30. bxc5 g6 31. Rc2 R3d7 32. Rhc1 Ng8 33. Rb1 Ne7 34. Rb3 Nc6 35. Ra3 a5 36. Rb3 Rb8 37. Rxb8 Bxb8 38. Rb2 Ba7 39. Rb5 Rd4 40. Rb7 Rd7 41. Rb5 a4 42. Ke3 h5 43. f4 Rd1 44. Bxe5 Nxe5 45. fxe5 Kxe5 46. Ra5 Bb8 47. Rxa4 Re1+ 48. Kf3 Rc1 49. Ra8 Rc3+ 50. Kg2 Bc7 51. Rg8 Kf6 52. Rc8 Rxc5 53. Rf8+ Ke5 54. Re8+ Kd4 55. Kf3 Rc3+ 56. Kf2 Rc2+ 57. Kf3 Rxa2 58. Rg8 Ra4 59. Kg2 Ra6 60. Rg7 Be5 61. Rb7 Kxe4 62. Rb4+ Bd4 63. Kh3 g5 64. Rb5 Be5 65. Rb3 Ra2 66. Rb4+ Kf5 0-1

[Event "Muensterland Verbandsliga 1112"]
[Site "Germany"]
[Date "2011.11.19"]
[Round "3.5"]
[White "Keller, Dirk"]
[Black "Fischer, Andreas"]
[Result "1-0"]
[WhiteElo "1960"]
[BlackElo "1916"]
[PlyCount "47"]
[EventDate "2011.09.24"]
[EventType "team-tourn"]
[EventRounds "9"]
[EventCountry "GER"]
[SourceTitle "EXT 2013"]
[Source "ChessBase"]
[SourceDate "2012.11.22"]
[SourceVersion "1"]
[SourceVersionDate "2012.11.22"]
[SourceQuality "1"]
[WhiteTeam "Nienberge"]
[BlackTeam "Saerbeck"]
[WhiteTeamCountry "GER"]
[BlackTeamCountry "GER"]

1. d4 e6 2. Nf3 d5 3. c4 c6 4. cxd5 exd5 5. Qc2 f5 6. Nc3 Nf6 7. Bg5 Be7 8. e3 0-0 9. Bd3 Ne4 10. Bxe7 Qxe7 11. Ne5 Nd7 12. f4 Nxe5 13. dxe5 Qc5 14. Nd1 Qb4+ 15. Ke2 Be6 16. a3 Qe7 17. g3 c5 18. Nc3 a6 19. Rhd1 Rfd8 20. Kf1 Qf7 21. Kg2 d4 22. Nxe4 Bb3 23. Qxc5 Bxd1 24. Bc4 1-0